[Event "Queima das Fitas op"]
[Site "Coimbra"]
[Date "2024.04.25"]
[Round "2"]
[White "Veiga, Jose Francisco RP"]
[Black "Goncalves, Diogo Figueiredo"]
[Result "1-0"]
[WhiteElo "2378"]
[BlackElo "1864"]
[PlyCount "57"]
[EventDate "2024.04.25"]
[EventType "swiss"]
[EventRounds "7"]
[EventCountry "POR"]
[SourceTitle "CB18_2024"]
[SourceDate "2024.05.01"]
[SourceVersion "1"]
[SourceVersionDate "2024.05.01"]
[SourceQuality "2"]

1. e4 c5 2. Nf3 e6 3. c3 Nf6 4. e5 Nd5 5. d4 cxd4 6. cxd4 d6 7. Bd3 Be7 8. 0-0 0-0 9. Nc3 Nxc3 10. bxc3 Qc7 11. exd6 Qxd6 12. Re1 Nd7 13. Ng5 Nf6 14. Qf3 h6 15. Ne4 Nxe4 16. Qxe4 f5 17. Qf3 g5 18. Bc4 Rf6 19. Bd2 Kg7 20. Re2 Rb8 21. Rae1 b5 22. Bb3 Bb7 23. Qg3 f4 24. Qh3 g4 25. Qd3 Bd5 26. Re5 Bxb3 27. axb3 g3 28. hxg3 fxg3 29. Qxg3+ 1-0